01025nam a2200265 a 450000100060000000300080000600500170001400800410003103500190007204000350009104100080012608200310013410000190016524501440018426000720032830000400040050200790044050400330051965000360055265000330058865000270062165000380064870000340068670000390072075971BD-RjUL20211209082754.0190925s2018 bg a|||| bm|| 00| 0 eng d a(BD-RjUL)76190 aBD-RjULbengcBD-RjULdBD-RjUL aeng a618.86095492223bHAM 20181 aHasan, Farhana10aModelling on factors Influencing Caesarean Delivery in Bangladesh /cby Farhana Hasan ;6Supervisors: Md.Golam Hossain, Md. Mesbahul Alam aRajshahi :bDepartment of Statistics, University of Rajshahi,c2018 axi, 187, 3 leaves :bIll. ;c29 cm. aThesis (Ph. D.) -- Department of Statistics, University of Rajshahi, 2018 aBibliography: Leaves 175-181 aObstetricsxSurgeryzBangladesh aCesarean sectionzBangladesh aChildbirthzBangladesh aDelivery (Obstetrics)zBangladesh aHossain, Md.Golam, Supervisor aAlam, Md. Mesbahul, jt. Supervisor